| 000 -LEADER |
| fixed length control field |
02466cam a22004337a 4500 |
| 001 - CONTROL NUMBER |
| control field |
16976126 |
| 003 - CONTROL NUMBER IDENTIFIER |
| control field |
NUST |
| 005 - DATE AND TIME OF LATEST TRANSACTION |
| control field |
20191210155136.0 |
| 008 - FIXED-LENGTH DATA ELEMENTS--GENERAL INFORMATION |
| fixed length control field |
110926s2013 nyua 001 0 eng d |
| 010 ## - LIBRARY OF CONGRESS CONTROL NUMBER |
| LC control number |
2011939713 |
| 020 ## - INTERNATIONAL STANDARD BOOK NUMBER |
| International Standard Book Number |
9781111135959 (hbk.) |
| 020 ## - INTERNATIONAL STANDARD BOOK NUMBER |
| International Standard Book Number |
1111135959 (hbk.) |
| 020 ## - INTERNATIONAL STANDARD BOOK NUMBER |
| International Standard Book Number |
9781111308193 (international ed. : pbk.) |
| 020 ## - INTERNATIONAL STANDARD BOOK NUMBER |
| International Standard Book Number |
1111308195 (international ed. : pbk.) |
| 035 ## - SYSTEM CONTROL NUMBER |
| System control number |
(OCoLC)ocn741540081 |
| 038 ## - RECORD CONTENT LICENSOR |
| Staff Name |
MSOHAIL |
| 040 ## - CATALOGING SOURCE |
| Original cataloging agency |
BTCTA |
| Language of cataloging |
eng |
| Transcribing agency |
BTCTA |
| Modifying agency |
JDD |
| -- |
SITPL |
| -- |
OQP |
| -- |
YDXCP |
| -- |
DLC |
| 042 ## - AUTHENTICATION CODE |
| Authentication code |
lccopycat |
| 050 00 - LIBRARY OF CONGRESS CALL NUMBER |
| Classification number |
TH4860 |
| Item number |
.K78 2012 |
| 082 ## - DEWEY DECIMAL CLASSIFICATION NUMBER |
| Classification number |
690.8047 KRU |
| 100 1# - MAIN ENTRY--PERSONAL NAME |
| Personal name |
Kruger, Abe. |
| 9 (RLIN) |
26709 |
| 245 00 - TITLE STATEMENT |
| Title |
Green building : |
| Remainder of title |
principles and practices in residential construction / |
| Statement of responsibility, etc. |
Abe Kruger, Carl Seville. |
| 260 ## - PUBLICATION, DISTRIBUTION, ETC. |
| Place of publication, distribution, etc. |
Clifton Park, N.Y. : |
| Name of publisher, distributor, etc. |
Delmar Cengage Learning, |
| Date of publication, distribution, etc. |
c2013. |
| 300 ## - PHYSICAL DESCRIPTION |
| Extent |
xxii, 521 p. : |
| Other physical details |
col. ill. ; |
| Dimensions |
29 cm. |
| 500 ## - GENERAL NOTE |
| General note |
Includes index. |
| 504 ## - BIBLIOGRAPHY, ETC. NOTE |
| Bibliography, etc. note |
Includes bibliographical references and index. |
| 505 0# - FORMATTED CONTENTS NOTE |
| Formatted contents note |
Principles and practices in residential construction -- What is green building and why does it make sense? Green building: an overview ; The house as a system ; Planning for green from the start ; Insulation and air seating -- Structural systems. Foundations ; Floors and exterior walls ; Roofs and attics -- Exterior finishes. Fenestration ; Exterior wall finishes ; Outdoor living spaces ; Landscaping -- Interior systems. Interior finishes -- Mechanical systems. Heating, ventilation, and air conditioning ; Electrical ; Plumbing ; Renewable energy -- Putting it all together -- The future of green building -- Green building: keeping the core concepts in mind. |
| 650 #0 - SUBJECT ADDED ENTRY--TOPICAL TERM |
| Topical term or geographic name entry element |
Sustainable buildings |
| General subdivision |
Design and construction. |
| 9 (RLIN) |
26710 |
| 650 #0 - SUBJECT ADDED ENTRY--TOPICAL TERM |
| Topical term or geographic name entry element |
Sustainable architecture. |
| 9 (RLIN) |
25398 |
| 650 #0 - SUBJECT ADDED ENTRY--TOPICAL TERM |
| Topical term or geographic name entry element |
Buildings |
| General subdivision |
Environmental aspects. |
| 9 (RLIN) |
26711 |
| 700 1# - ADDED ENTRY--PERSONAL NAME |
| Personal name |
Seville, Carl. |
| 9 (RLIN) |
26712 |
| 856 42 - ELECTRONIC LOCATION AND ACCESS |
| Materials specified |
Publisher description |
| Uniform Resource Identifier |
<a href="http://www.loc.gov/catdir/enhancements/fy1303/2011939713-d.html">http://www.loc.gov/catdir/enhancements/fy1303/2011939713-d.html</a> |
| 856 41 - ELECTRONIC LOCATION AND ACCESS |
| Materials specified |
Table of contents only |
| Uniform Resource Identifier |
<a href="http://www.loc.gov/catdir/enhancements/fy1303/2011939713-t.html">http://www.loc.gov/catdir/enhancements/fy1303/2011939713-t.html</a> |
| 856 42 - ELECTRONIC LOCATION AND ACCESS |
| Materials specified |
Contributor biographical information |
| Uniform Resource Identifier |
<a href="http://www.loc.gov/catdir/enhancements/fy1303/2011939713-b.html">http://www.loc.gov/catdir/enhancements/fy1303/2011939713-b.html</a> |
| 906 ## - LOCAL DATA ELEMENT F, LDF (RLIN) |
| a |
7 |
| b |
cbc |
| c |
copycat |
| d |
2 |
| e |
ncip |
| f |
20 |
| g |
y-gencatlg |
| 942 ## - ADDED ENTRY ELEMENTS (KOHA) |
| Source of classification or shelving scheme |
|
| Koha item type |
Book |